Регионална библиотека "Любен Каравелов" - Русе

Литературни търсения през 90-те години (Запис номер 21546)

MARC детайли
000 -Лидер
Контролно поле с фиксирана дължина 01680nam a2200361 c 4500
003 - Код на организацията, давaща контролен номер
Контролно поле BLK
005 - Дата и час на последна редакция
Контролно поле 20200707135058.0
008 - Елементи от данни с фиксирана дължина
fixed length control field 180413b bul|||||r ||||||| ||bul||
010 ## - Наследен системен номер
LC control number KNG00023829000
020 ## - Международен стандартен номер на книга ISBN
Международен стандартен номер на книга ISBN 954-430-817-2
-- издат.: Акад. изд. Проф. Марин Дринов
040 ## - Източник на каталожния запис
Идентификатор на билиотеката - собственик на записа BLK
041 ## - Код за език
Код за езика на текст/звукозапис или на отделно заглавие Български
Код за езика КДБФ Български
080 ## - УДК
Текстов определител УДК ?Литературни школи, направления и движения
УДК код - определител по УДК 82.02
УДК определител .036
УДК - код + определител 82.02.036
080 ## - УДК
Текстов определител УДК Българска литература
УДК код - определител по УДК 821.163.2
УДК определител .015
УДК - код + определител 821.163.2.015
080 ## - УДК
Текстов определител УДК Българска литература
УДК код - определител по УДК 821.163.2
УДК определител .09
УДК - код + определител 821.163.2.09
100 1# - Редна дума - Автор
Автор Ликова, Розалия Николова
Авторска отговорност първи автор
R(LIN) 243652
139 ## - Редно поле
Редна дума Ликова, Розалия Николова
Авторски знак Лик - Л 57
245 10 - Сведения за заглавието
Заглавие Литературни търсения през 90-те години
Подзаглавни данни Проблеми на постмодернизма
Редно поле (дума) Розалия Николова Ликова; предг. от Божидар Богомилов Кунчев.
257 ## - Страна на издаване
Страна на създаване/издаване България
260 ## - Област на издателските данни
-- София
Име на издателя, разпространителя и проч. Акад. изд. Проф. Марин Дринов
Година на издаване 2001
300 ## - Физическа характеристика
Страници 376 с.
Размери/Мащаб 24 см
380 ## - Жанр
Жанр Литературознание
500 ## - Общи забележки
Забележка Именен показалец.
650 #4 - Допълнително описание по предмет – тема
Основно описание – тема или топоним Литература - направления, стилове и школи
9 (RLIN) 265754
650 #4 - Допълнително описание по предмет – тема
Основно описание – тема или топоним Литература - постмодернизъм
9 (RLIN) 265755
653 ## - Ключова дума – ненормативна
Ключова дума постмодернизъм
700 1# - Други автори (авторска отговорност)
Лично име Кунчев, Божидар Богомилов
Автороска отговорност (Описва отношението между автора и произведението) предг. от
9 (RLIN) 365067
852 ## - Местоположение
Форматна сигнатура Цб 210584
856 4# - Електронен адрес и достъп
Електронен формат pdf - файл
Път до файла /url/
856 4# - Електронен адрес и достъп
Електронен формат pdf - файл
Път до файла /url/
942 ## - АРТИКУЛИ
Вид на библиотечния материал Книги
Скрит в OPAC Не
Koha issues (borrowed), all copies 3
944 ## - СЪЗДАВАНЕ И РЕДАКЦИЯ на ЗАПИСА
Създаване/Редакция Създаване
Дата на регистрацията/редакция 15.01.2003
Служител, извършил регистрацията/редакцията Кети_Илиева
944 ## - СЪЗДАВАНЕ И РЕДАКЦИЯ на ЗАПИСА
Създаване/Редакция Редакция
Дата на регистрацията/редакция 20.04.2006
Служител, извършил регистрацията/редакцията
999 ## - СИСТЕМНИ КОНТРОЛНИ НОМЕРА
Koha biblionumber 21546
Koha biblioitemnumber 21546
Наличности
Код за отписване Код за изгубен артикул Източник на класификационната схема Код за повреда Коз за рестрикции Код за отдаване Артикулен № Име на библиотеката - собственик Име на библиотеката, в която се намира в момента Статус (Текущо местоположение) Дата на вписване в системата Местоположение - отдел Цена в лева Инвентарен номер Систематично азбучна сигнатура Баркод Номер на екземпляра Цена в евро Служебна бележка Служебен тип на артикула Бележка за публиката
  Не е изгубен Universal Decimal Classification Не е повреден без рестрикции ползва се в читалня 35588 Регионална библиотека "Любен Каравелов" Русе Регионална библиотека "Любен Каравелов" Русе Читалня 2001-12-19 Читалня 10.00 668600 Ч 82.0/Л 57 120000668600 1 5.11 Дост: Pk Вид: Ф N: 57 Дата: 17.12.2001 Дата инв: 27.03.2017 Бележки инв: Ч2017 Книги  
  Не е изгубен   Не е повреден без рестрикции ползва се в читалня 35589 Регионална библиотека "Любен Каравелов" Русе Регионална библиотека "Любен Каравелов" Русе Хранилище 2002-08-22 Хранилище 10.00 120000671648 Цб 210584 120000671648 2 5.11 Дост: Dp Вид: Д N: 5 Дата: 22.01.2002 Книги  
  Не е изгубен Universal Decimal Classification Не е повреден без рестрикции заемане за дома 35590 Регионална библиотека "Любен Каравелов" Русе Регионална библиотека "Любен Каравелов" Русе Заемна - подръчен фонд 2004-09-17 Заемна - подръчен фонд 10.00 120000688559 82.01/.09/Л 57 120000688559 3 5.11 Дост: Pk Вид: Ф N: 8886 Дата: 07.09.2004 Дата инв: 07.03.2018 Бележки инв: П2018 Книги  
Изтеглен Не е изгубен   Не е повреден без рестрикции заемане за дома 35591 Регионална библиотека "Любен Каравелов" Русе Регионална библиотека "Любен Каравелов" Русе   2004-09-17 Заемна - подръчен фонд 10.00 120000688560 П 82.0/Л 57 120000688560 4 5.11 Дост: Pk Вид: Ф N: 8886 Дата: 07.09.2004 Книги Отч.N: 11/2018 , Дата: 02.02.2018
Vip Innovations Ltd, Rousse, Bulgaria 2025